000 00414nam a2200157Ia 4500
003 GCL
008 140319s9999 xx 000 0 eng d
040 _aGCL /
_cGCL
082 0 4 _a709.04052
_bA A
100 1 _aANFAM, DAVID
245 1 0 _aABSTRACT EXPRESSIONISM /
_cANFAM, DAVID
260 _a[S.N] :
_bTHAMES AND HUDSON ،
_c1994
300 _a216 P
650 0 4 _aABSTRACT EXPRESSIONISM UNITED
942 _2ddc
_cBK
999 _c25693
_d25693